Small Business survival (Record no. 76542)

MARC details
000 -LEADER
fixed length control field 00711nam a2200181 a 4500
008 - FIXED-LENGTH DATA ELEMENTS--GENERAL INFORMATION
fixed length control field 120416s1989 ||||||||||||||||| || u
020 ## - INTERNATIONAL STANDARD BOOK NUMBER
International Standard Book Number 0273036246
050 ## - LIBRARY OF CONGRESS CALL NUMBER
Classification number HD 62.7 Ben
100 ## - MAIN ENTRY--PERSONAL NAME
Personal name Bennett, Roger
245 10 - TITLE STATEMENT
Title Small Business survival
260 ## - PUBLICATION, DISTRIBUTION, ETC.
Place of publication, distribution, etc. London
Name of publisher, distributor, etc. Pitman
Date of publication, distribution, etc. 1989
300 ## - PHYSICAL DESCRIPTION
Extent viii, 260p.
350 ## -
-- 0.00
650 #0 - SUBJECT ADDED ENTRY--TOPICAL TERM
Topical term or geographic name entry element MANAGEMENT
650 #0 - SUBJECT ADDED ENTRY--TOPICAL TERM
Topical term or geographic name entry element SMALL BUSINESS
995 ## -
-- MAIN LIBRARY OPEN ACCESS
-- 0.00
-- 723421
-- CBU-MAIN LIBRARY (Kitwe)
-- 1
-- 9.99
-- HD 62.7 Ben
-- 2
-- LOST
-- Mar 11, 2013
-- 003884
-- Main Library Open Access Collection
995 ## -
-- MAIN LIBRARY OPEN ACCESS
-- 0.00
-- 723422
-- CBU-MAIN LIBRARY (Kitwe)
-- 2
-- 9.99
-- HD 62.7 Ben
-- 1
-- AVAILABLE
-- 003883
-- Main Library Open Access Collection
999 ## -
-- 76542
-- 76542
Holdings
Withdrawn status Lost status Source of classification or shelving scheme Damaged status Not for loan Permanent Location Current Location Shelving location Date acquired Total Checkouts Full call number Barcode Date last seen Copy number Price effective from Koha item type
          CBU-MAIN LIBRARY, KITWE. CBU-MAIN LIBRARY, KITWE.   04/25/2023   HD 62.7 Ben 003884 04/25/2023 1 04/25/2023 MONOGRAPH
          CBU-MAIN LIBRARY, KITWE. CBU-MAIN LIBRARY, KITWE.   04/25/2023   HD 62.7 Ben 003883 04/25/2023 2 04/25/2023 MONOGRAPH